000 00558nam a2200205Ia 4500
003 OSt
005 20220927105646.0
006 a|||||r|||| 00| 0
007 ta
008 220926b |||||||| |||| 00| 0 eng d
024 _a194493
037 _cReference Collections
040 _aRTL
_cRTL
_beng
041 _2eng
_aeng
082 _a"V2:91.N7, L5/TD"
100 _aBarnett M.R
_9374017
245 0 _aElectoral politics in the Indian states
942 _h"V2:91.N7, L5/TD"
_cCC
999 _c693710
_d693710